Μαθησιακά ψηφιακά παιχνίδια περιπέτειας : διπλωματική εργασία [μεταπτυχιακή εργασία]
Αποθηκεύτηκε σε:
| Κύριος συγγραφέας: | |
|---|---|
| Συγγραφή απο Οργανισμό/Αρχή: | |
| Άλλοι συγγραφείς: | |
| Μορφή: | Thesis Βιβλίο |
| Γλώσσα: | Greek |
| Δημοσίευση: |
2015.
|
| Θέματα: | |
| Διαθέσιμο Online: | http://hdl.handle.net/11610/13700 |
| Ετικέτες: |
Προσθήκη ετικέτας
Δεν υπάρχουν, Καταχωρήστε ετικέτα πρώτοι!
|
MARC
| LEADER | 00000cam a2200000 a 4500 | ||
|---|---|---|---|
| 001 | 1/109865 | ||
| 008 | 160209s2015####gr | ||| |||| ||gre|| | ||
| 040 | |a GR-MyUa |b gre |c GR-MyUa |e AACR2 | ||
| 041 | 0 | |a gre | |
| 082 | 7 | |a 371.334 |2 (23) | |
| 100 | 1 | |a Τρίκου, Πολυξένη. | |
| 245 | 1 | 0 | |a Μαθησιακά ψηφιακά παιχνίδια περιπέτειας : |b διπλωματική εργασία [μεταπτυχιακή εργασία] / |c Τρίκου Πολυξένη ; επιβλέπων καθηγητής Φεσάκης Παναγιώτης. |
| 260 | |c 2015. | ||
| 300 | |a 201 σ. : |b διάγρ., εικ. ; |c 30 εκ. | ||
| 502 | |a Διατριβή (μεταπτυχιακή) – Πανεπιστήμιο Αιγαίου, Ρόδος, 2015. | ||
| 504 | |a Βιβλιογραφία: σ. 105-120. | ||
| 506 | 1 | |a Διάθεση μόνο λέξεων κλειδιών-περιλήψεων. | |
| 650 | 0 | |a Computer games. | |
| 650 | 0 | |a Educational games |x Software. | |
| 650 | 0 | |a Adventure games. | |
| 650 | 0 | |a Activity programs in education. | |
| 650 | 0 | |a Computer-assisted instruction |x Case studies. | |
| 650 | 0 | |a Education |x Data processing. | |
| 700 | 1 | |a Φεσάκης, Γεώργιος, |e dgs [Επιβλέπων καθηγητής] | |
| 710 | 1 | |a Πανεπιστήμιο Αιγαίου |b Σχολή Ανθρωπιστικών Επιστημών |b Τμήμα Επιστημών της Προσχολικής Αγωγής και του Εκπαιδευτικού Σχεδιασμού |b Μεταπτυχιακό Πρόγραμμα Σπουδών Παιδικό Βιβλίο και Παιδαγωγικό Υλικό. | |
| 852 | |a INST |b RHODES |c DIATR |e 20160209 |h 371.334 ΤΡΙ |p 005400038223 |q 005400038223 |t MTXE |y 23 | ||
| 856 | |u http://hdl.handle.net/11610/13700 | ||
| 924 | |a Τρίκου |b Πολυξένη |y Ρόδος |z 2015-10 | ||
| 970 | |z 09-02-2016 | ||